Essentials of social emotional learning (SEL) : the complete guide for schools and practitioners (Record no. 364783)
[ view plain ]
| 000 -LEADER | |
|---|---|
| fixed length control field | 00585nam a22001697a 4500 |
| 003 - CONTROL NUMBER IDENTIFIER | |
| control field | 0 |
| 005 - DATE AND TIME OF LATEST TRANSACTION | |
| control field | 20220816134225.0 |
| 008 - FIXED-LENGTH DATA ELEMENTS--GENERAL INFORMATION | |
| fixed length control field | 220816b xxu||||| |||| 00| 0 eng d |
| 020 ## - INTERNATIONAL STANDARD BOOK NUMBER | |
| International Standard Book Number | 978-1-119-70919-0 |
| 050 ## - LIBRARY OF CONGRESS CALL NUMBER | |
| Classification number | LB1072 |
| Item number | .B53 2022 |
| 245 ## - TITLE STATEMENT | |
| Title | Essentials of social emotional learning (SEL) : the complete guide for schools and practitioners |
| Statement of responsibility, etc | Donna Lord Black |
| 260 ## - PUBLICATION, DISTRIBUTION, ETC. (IMPRINT) | |
| Place of publication, distribution, etc | New Jersey |
| Name of publisher, distributor, etc | John wiley & sons, Inc., |
| Date of publication, distribution, etc | C2022 |
| 300 ## - PHYSICAL DESCRIPTION | |
| Extent | xv,416pp |
| Other physical details | |
| Dimensions | 22cm. |
| Accompanying material | Includes references and index. |
| Type of unit | Book |
| 500 ## - GENERAL NOTE | |
| General note | Affective education. |
| 500 ## - GENERAL NOTE | |
| General note | Social learning. |
| 942 ## - ADDED ENTRY ELEMENTS (KOHA) | |
| Source of classification or shelving scheme | Library of Congress Classification |
| Koha item type | Books |
| Withdrawn status | Lost status | Source of classification or shelving scheme | Damaged status | Home library | Current library | Shelving location | Date acquired | Source of acquisition | Sub Shelving location | Total Checkouts | Full call number | Barcode | Date last seen | Price effective from | Koha item type |
|---|---|---|---|---|---|---|---|---|---|---|---|---|---|---|---|
| Library of Congress Classification | College Library | College Library | Graduate Section | 08/16/2022 | Library Fund | LB1072 .B53 2022 | C22815 | 08/16/2022 | 08/16/2022 | Books |